000
00379nam a2200133Ia 4500
008
100328s9999 xx 000 0 und d
082
_b
69032
100
_a
कर्वे आनंद.
245
_a
आाी बीज एकले.
260
_b
रसिक.
630
_a
आाी बीज एकले.
730
_a
आाी बीज एकले.
942
_c
BOOK
999
_c
554765
_d
554762